Eight philosophers of the Italian Renaissance / (Record no. 31228)
[ view plain ]
| 000 -LEADER | |
|---|---|
| fixed length control field | 00832nam a2200253 a 4500 |
| 001 - CONTROL NUMBER | |
| control field | 31228 |
| 003 - CONTROL NUMBER IDENTIFIER | |
| rucl marc code | BD-RjUL |
| 005 - DATE AND TIME OF LATEST TRANSACTION | |
| control field | 20211209051656.0 |
| 008 - FIXED-LENGTH DATA ELEMENTS--GENERAL INFORMATION | |
| fixed length control field | s1965 enk b 000 0 eng |
| 035 ## - SYSTEM CONTROL NUMBER | |
| System control number | (OCoLC)13230252 |
| -- | (BD-RjUL)31315 |
| 040 ## - CATALOGING SOURCE | |
| Original cataloging agency | DLC |
| Transcribing agency | CTN |
| Language of cataloging | eng |
| Modifying agency | BD-RjUL |
| 041 ## - LANGUAGE CODE | |
| Language code of text/sound track or separate title | eng |
| 082 04 - DEWEY DECIMAL CLASSIFICATION NUMBER | |
| Edition number | 19 |
| Classification number | 195 |
| Author mark and year | KRE 1965 |
| 100 1# - MAIN ENTRY--PERSONAL NAME | |
| Personal name | Kristeller, Paul Oskar, |
| Dates associated with a name | 1905-1999 |
| 9 (RLIN) | 95015 |
| 245 10 - TITLE STATEMENT | |
| Title | Eight philosophers of the Italian Renaissance / |
| Statement of responsibility, etc. | Paul Oskar Kristeller. |
| 260 ## - PUBLICATION, DISTRIBUTION, ETC. (IMPRINT) | |
| Place of publication, distribution, etc. | London : |
| Name of publisher, distributor, etc. | Chatto & Windus, |
| Date of publication, distribution, etc. | 1965. |
| 300 ## - PHYSICAL DESCRIPTION | |
| Pagination | ix, 194 p. ; |
| Size | 23 cm. |
| 504 ## - BIBLIOGRAPHY, ETC. NOTE | |
| Bibliography, etc | "Bibliographical survey": p. 181-188 |
| 505 0# - FORMATTED CONTENTS NOTE | |
| Formatted contents note | Petrarch.--Valla.--Ficino.--Pico.--Pomponazzi.--Telesio.--Patrizi.--Bruno |
| 650 #0 - SUBJECT ADDED ENTRY--TOPICAL TERM | |
| Topical term or geographic name as entry element | Philosophers, Italian |
| 9 (RLIN) | 95016 |
| Topical term or geographic name as entry element | Philosophers, Renaissance |
| 9 (RLIN) | 95017 |
| 942 ## - ADDED ENTRY ELEMENTS (KOHA) | |
| Source of classification or shelving scheme | Dewey Decimal Classification |
| Koha item type | Books |
| Lost status | Source of classification or shelving scheme | Damaged status | Not for loan | Permanent Location | Current Location | Shelving location | Date acquired | Source of acquisition | Cost, normal purchase price | Total Checkouts | Full call number | Date last seen | Copy number | Koha item type |
|---|---|---|---|---|---|---|---|---|---|---|---|---|---|---|
| Dewey Decimal Classification | Not For Loan | Central Library, University of Rajshahi | Central Library, University of Rajshahi | Reading Room | Zeitlinger | 24.00 | 195 KRE 1965 | 13/04/2014 | C-1 | Books |